Quiz : Ces personnages ont-ils vécu en même temps ? - Statistiques

Statistiques générales
  • Ce quiz a été pris 10 fois
  • Le résultat moyen est 10 sur 15
Statistiques - réponses
Question Réponse % Correct
Socrate / Cléopâtre NON
90%
Marie Curie / Staline OUI
90%
Jules César / Charlemagne (100-44 av JC / 742-814) NON
80%
Molière / Victor Hugo NON
80%
Louis XIV / Napoléon NON
80%
Marco Polo / Cristophe Colomb NON
70%
Freud / Kafka OUI
70%
Galilée / Newton NON
60%
Napoléon / Wellington OUI
60%
Nietzsche / Sartre NON
50%
Marie Curie / Elvis NON
50%
Robespierre / Beethoven OUI
50%
Napoléon / Goya OUI
50%
Voltaire / Mozart OUI
40%
Jeanne d'Arc / Gutenberg OUI
30%
Aucun quiz correspondant
Distribution des résultats
% des personnes avec chaque résultat
Percentile par nombre de réponses
Votre historique - résultats
Vous n’avez pas pris ce quiz